Espíritu y mundo del Antiguo Testamento

Guardat en:
Dades bibliogràfiques
Autor principal: Mckenzie, John L. (autor)
Format: Llibre
Idioma:espanyol
Publicat: Pamplona Verbo Divino 1968
Edició:6a. ed
Col·lecció:Colección Biblia y Kerigma, 2
Matèries:
Etiquetes: Afegir etiqueta
Sense etiquetes, Sigues el primer a etiquetar aquest registre!

MARC

LEADER 00000cam a2200000 a 4500
001 UCE7951
003 CL-VaPUC
008 150710e19680000sp |||||||||||||||||spa|d
082 0 4 |a 221  |b MCK  |2 21 
100 |a Mckenzie, John L.  |e autor  |9 580651 
245 1 0 |a Espíritu y mundo del Antiguo Testamento 
250 |a 6a. ed 
300 |a 448 p 
942 |c BK 
945 |d 20150710 13:46:00  |a gsalatino 
260 |a Pamplona  |b Verbo Divino  |c 1968 
600 0 7 |a ANTIGUO TESTAMENTO  |2 CL-VaPUC  |9 482707 
600 0 7 |a BIBLIA  |2 CL-VaPUC  |9 399806 
650 0 |a Textos sagrados   |9 257605 
583 |a last modification  |c 20150710 13:46:00  |k Rodrigo Vera 
490 0 |a Colección Biblia y Kerigma, 2 
999 |c 359908  |d 359906 
952 |0 0  |1 0  |3 erb  |4 0  |6 221_000000000000000_MCK_1968  |7 0  |8 A  |9 469506  |a BIBTEO  |b BIBTEO  |e Casale Rolle, Carlos Ignacio, -2014  |i 518195K  |o 221 MCK 1968  |p 518195K  |r 2025-01-17  |w 2019-11-23  |y BK  |z Catalogado en:20150710  |k ICR